banner-ar

رحلة حسن افندى توفيق العدل 1887 - 1892 : (Record no. 59952)

MARC details
000 -الفاتح
حقل البيانات ثابتة الطول 01318nam a22002777a 4500
005 - وقت وتاريخ اخر تعامل مع التسجيلة
رقم الضبط 20240530110345.0
008 - عناصر البيانات ثابتة الطول - معلومات عامة
حقل البيانات ثابتة الطول 141201s2008 ua b gr 000 u ara d
017 ## - رقم الايداع القانونى
رقم الايداع القانونى 2008/19306
المصدر ( الهيئة المختصة) مصر . دار الكتب المصرية
020 ## - الرقم الدولى المعيارى للكتب
الرقم الدولى المعيارى للكتاب 9771805916
040 ## - مصدر الفهرسة
وكالة الفهرسة الأصلية EG-CaGPL
041 0# - رمز اللغة
رمز لغة النص/ المسارات الصوتية أو العنوان الانفرادي ara
082 04 - رقم تصنيف ديوى العشرى
رقم الطبعة 21
رقم التصنيف 818.03/
رقم المادة ع ر
100 0# - المدخل الرئيسى - إسم شخصى
الإسم الشخصى عبدالمنعم محمد سعيد
245 10 - بيان العنوان
العنوان رحلة حسن افندى توفيق العدل 1887 - 1892 :
بقية العنوان الرحلة الى برلين - رسائل البشرى فى السياحة بالمانيا وسويسرا /
بيان المسئوليه,etc اعداد عبدالمنعم محمد سعيد ؛ دراسة محمد صابر عرب
260 ## - PUBLICATION, DISTRIBUTION, ETC. (IMPRINT)
تاريخ النشر أو التوزيع 2008
300 ## - الوصف المادى
التعداد 421 ص :
تفاصيل ماديه اخرى للوعاء خرائط ؛
أبعاد الوعاء 24 سم
490 ## - بيان السلسلة
عنوان السلسلة من ادب الرحلات
600 04 - المدخل الاضافى بالموضوع-اسم شخصى
الإسم الشخصى حسن توفيق بن عبدالرحمن العدل
التواريخ المصاحبة للاسم 1278 - 1322 هـ
التقسيم الفرعي العام رحلات سويسرا
650 04 - المدخل الاضافى بالموضوع-مصطلح موضوعى
مصطلح موضوعي سويسرا
التقسيم الفرعي العام وصف ورحلات
650 04 - المدخل الاضافى بالموضوع-مصطلح موضوعى
مصطلح موضوعي الادب العربى
التقسيم الفرعي العام رحلات
700 0# - المدخل الاضافى - اسم شخصى
الإسم الشخصى محمد صابر عرب
الدور دراسة
942 ## - عناصر المدخل الإضافي( كوها)
مصدر التصنيف او مخطط الترفيف Dewey Decimal Classification
Koha [default] item type كتاب
260 ## - PUBLICATION, DISTRIBUTION, ETC. (IMPRINT)
-- القاهرة :
-- دار الكتب والوثائق القومية ،
505 ## - تبصرة محتويات-الفهرس
العنوان الرحلة الى برلين
505 ## - تبصرة محتويات-الفهرس
العنوان رسائل البشرى فى السياحة بالمانيا وسويسرا
Holdings
حالة التراجع حالة الفقد حالة تلف ليس للاعارة المكان المؤقت الموقع الحالى تاريخ الاكتساب اجمالي اﻻعارات رقم الطلب الباركود تاريخ اخر مشاهدة تاريخ تفعيل السعر نوع وعاء كوها
        مكتبة القاهرة الكبرى مكتبة القاهرة الكبرى 12/01/2014   818.03/ ع ر 158917 12/01/2014 12/01/2014 كتاب

Powered By

EGPV